LEADER 05466nam 22005655 450 001 9910484658003321 005 20200703182341.0 010 $a3-319-96433-X 024 7 $a10.1007/978-3-319-96433-1 035 $a(CKB)4100000006674677 035 $a(MiAaPQ)EBC5526670 035 $a(DE-He213)978-3-319-96433-1 035 $a(PPN)243771576 035 $a(EXLCZ)994100000006674677 100 $a20181109d2019 u| 0 101 0 $aeng 135 $aurcnu|||||||| 181 $ctxt$2rdacontent 182 $cc$2rdamedia 183 $acr$2rdacarrier 200 10$aComputational Intelligence, Optimization and Inverse Problems with Applications in Engineering /$fedited by Gustavo Mendes Platt, Xin-She Yang, Antônio José Silva Neto 205 $a1st ed. 2019. 210 1$aCham :$cSpringer International Publishing :$cImprint: Springer,$d2019. 215 $a1 online resource (301 pages) 311 $a3-319-96432-1 320 $aIncludes bibliographical references and index. 327 $aChapter 01- An Overview of the Use of Metaheuristics in Two Phase Equilibrium Calculation Problems -- Chapter 02- Reliability-based Robust Optimization Applied to Engineering System Design -- Chapter 03- On Initial Populations of Differential Evolution for Practical Optimization Problems -- Chapter 04- Application of Enhanced Particle Swarm Optimization in Euclidean Steiner Tree Problem Solving in RN -- Chapter 05- Rotation-Based Multi-Particle Collision Algorithm with Hooke-Jeeves Approach Applied to the Structural Damage Identification -- Chapter 06- Optimization in Civil Engineering and Metaheuristic Algorithms: a Review of State-of-the-Art Developments -- Chapter 07- A Bioreactor Fault Diagnosis Based on Metaheuristics -- Chapter 08- Optimization of Nuclear Reactors Loading Patterns with Computational Intelligence Methods -- Chapter 09- Inverse Problem of an Anomalous Diffusion Model Employing Lightning Optimization Algorithm -- Chapter 10- Study of the Impact of the Topology of Artificial Neural Networks for the Prediction of Meteorological Data -- Chapter 11- Constructal Design Associated with Genetic Algorithm to Maximize the Performance of H-shaped Isothermal Cavities -- Chapter 12- Co-Design System for Tracking Targets using Template Matching -- Chapter 13- A Hybrid Estimation Scheme Based on the Sequential Importance Resampling Particle Filter and the Particle Swarm Optimization (PSO-SIR) -- Chapter 14- Fault Detection Using Kernel Computational Intelligence Algorithms -- Index. 330 $aThis book focuses on metaheuristic methods and its applications to real-world problems in Engineering. The first part describes some key metaheuristic methods, such as Bat Algorithms, Particle Swarm Optimization, Differential Evolution, and Particle Collision Algorithms. Improved versions of these methods and strategies for parameter tuning are also presented, both of which are essential for the practical use of these important computational tools. The second part then applies metaheuristics to problems, mainly in Civil, Mechanical, Chemical, Electrical, and Nuclear Engineering. Other methods, such as the Flower Pollination Algorithm, Symbiotic Organisms Search, Cross-Entropy Algorithm, Artificial Bee Colonies, Population-Based Incremental Learning, Cuckoo Search, and Genetic Algorithms, are also presented. The book is rounded out by recently developed strategies, or hybrid improved versions of existing methods, such as the Lightning Optimization Algorithm, Differential Evolution with Particle Collisions, and Ant Colony Optimization with Dispersion ? state-of-the-art approaches for the application of computational intelligence to engineering problems. The wide variety of methods and applications, as well as the original results to problems of practical engineering interest, represent the primary differentiation and distinctive quality of this book. Furthermore, it gathers contributions by authors from seven countries ? some of which are the original proponents of the methods presented ? and 21 research centers around the globe. 606 $aComputational intelligence 606 $aMathematical optimization 606 $aProbabilities 606 $aComputational Intelligence$3https://scigraph.springernature.com/ontologies/product-market-codes/T11014 606 $aDiscrete Optimization$3https://scigraph.springernature.com/ontologies/product-market-codes/M26040 606 $aContinuous Optimization$3https://scigraph.springernature.com/ontologies/product-market-codes/M26030 606 $aProbability Theory and Stochastic Processes$3https://scigraph.springernature.com/ontologies/product-market-codes/M27004 615 0$aComputational intelligence. 615 0$aMathematical optimization. 615 0$aProbabilities. 615 14$aComputational Intelligence. 615 24$aDiscrete Optimization. 615 24$aContinuous Optimization. 615 24$aProbability Theory and Stochastic Processes. 676 $a006.3019 702 $aPlatt$b Gustavo Mendes$4edt$4http://id.loc.gov/vocabulary/relators/edt 702 $aYang$b Xin-She$4edt$4http://id.loc.gov/vocabulary/relators/edt 702 $aSilva Neto$b Antônio José$4edt$4http://id.loc.gov/vocabulary/relators/edt 906 $aBOOK 912 $a9910484658003321 996 $aComputational Intelligence, Optimization and Inverse Problems with Applications in Engineering$92852811 997 $aUNINA LEADER 02400nam0 22005173i 450 001 REA0036032 005 20251003044333.0 010 $a8815052380 010 $a9788815052384 100 $a19960418d1996 ||||0itac50 ba 101 | $aita 102 $ait 181 1$6z01$ai $bxxxe 182 1$6z01$an 183 1$6z01$anc$2RDAcarrier 200 1 $aˆL'‰Italia in tempi di cambiamento politico$fArnaldo Bagnasco 210 $aBologna$cIl mulino$d[1996] 215 $a81 p.$d18 cm. 225 | $aTendenze$v9 410 0$1001LO10362437$12001 $aTendenze$v9 500 10$aˆL'‰Italia in tempi di cambiamento politico.$3MSE0068660$9CFIV014297$9690296 606 $aItalia$xPolitica$xAspetti socio-culturali$x1990-1994$2FIR$3CFIC075015$9I 676 $a303$9PROCESSI SOCIALI$v23 676 $a303.4$9CAMBIAMENTO SOCIALE$v12 676 $a303.40945$9CAMBIAMENTO SOCIALE. ITALIA$v19 676 $a303.409450929$9CAMBIAMENTO SOCIALE. ITALIA, 1990-$v21 676 $a306.20945$9ISTITUZIONI POLITICHE. Italia$v22 676 $a945.092$9STORIA D'ITALIA. Repubblica. 1946-$v20 676 $a945.0929$9STORIA. ITALIA, 1990-1999$v21 686 $aIT/5420.0$cPOLITICA E CULTURA ITALIA 1989-2001$2R 686 $aIT/5430.0$cECONOMIA E SOCIETA ITALIA 1989-2001$2R 686 $aX09.3$cSOCIOLOGIA ANTROPOLOGIA PSICOLOGIA$2R 696 $aVita politica$aAttività politica$aAspetti politici 699 $aPolitica$zVita politica 699 $aPolitica$zAttività politica 699 $aPolitica$zAspetti politici 700 1$aBagnasco$b, Arnaldo$f <1939- >$3CFIV014297$4070$034668 801 3$aIT$bIT-000000$c19960418 850 $aIT-BN0095 $aIT-NA0070 $aIT-NA0230 901 $bNAP BU$c4 A $nPropedeutica. Formato cm. 1-20. Sociologia.Sociologia industriale.Statistica gen 901 $bNAP 01$cPOZZO LIB.$nVi sono collocati fondi di economia, periodici di ingegneria e scienze, periodici di economia e statistica e altri fondi comprendenti documenti di economia pervenuti in dono. 912 $aREA0036032 950 0$aBiblioteca Centralizzata di Ateneo$c1 v.$d 01POZZO LIB.ECON MON 7084$e 0101 0700229375E VMA 1 v. (Precedente collocazione 22 EC 937)$fB $h20220801$i20220801 977 $a 01$a BU$a IR 996 $aItalia in tempi di cambiamento politico$9690296 997 $aUNISANNIO